| 000 | 00386nam a22001457a 4500 | ||
|---|---|---|---|
| 020 | _q978-0073401140 | ||
| 040 | _cSaif | ||
| 082 |
_a628 _bDAV |
||
| 100 |
_aDAVIS, MACKENZIE. _990700 |
||
| 245 |
_aINTRODUCTION TO ENVIRONMENTAL ENGINEERING / _cMACKENZIE DAVIS. |
||
| 250 | _a5th ED. | ||
| 260 |
_aNEW YORK ; _bMC GRAW HILL, _c2013. |
||
| 300 | _a1056 P. ; | ||
| 942 |
_2ddc _cBK |
||
| 999 |
_c593713 _d593713 |
||